000 00529cam a2200145 4500500
005 20260405003318.0
041 _afre
042 _adc
100 1 0 _aRibereau-Gayon, Philippe
_eauthor
245 0 0 _aDenis Le Bihan, Le cerveau de cristal , Ce que nous révèle la neuro-imagerie, Odile Jacob, 2012, 220 pages, 25,90 €
260 _c2013.
500 _a40
786 0 _nÉtudes | 418 | 1 | 2013-01-01 | p. XV-XV | 0014-1941
856 4 1 _uhttps://shs.cairn.info/revue-etudes-2013-1-page-XV?lang=fr&redirect-ssocas=7080
999 _c2066383
_d2066383